| 000 | 00575nam a22001817a 4500 | ||
|---|---|---|---|
| 999 |
_c192998 _d192998 |
||
| 005 | 20221012151347.0 | ||
| 010 | _aENG-135374 | ||
| 020 |
_c243.00 _a9789383640454 |
||
| 035 | _aEN-118906 | ||
| 037 | _bDBAD/PUB | ||
| 082 | _a510 | ||
| 100 | _aM. Babu Prasad | ||
| 245 |
_aEngineering mathematics-II/ _cM. Babu Prasad at all |
||
| 260 |
_c2019 _bM/s Spectrum University Press _aHyderabad |
||
| 270 |
_bHyderabad _a#326/C, Ist floor, Surneni Nilayam, Near B K Guda Park, S R Nagar _e500038 |
||
| 300 |
_a320p. _c22cm(Pbk) |
||
| 942 |
_2ddc _cEN _mKKS _h808.88 |
||